Research methods in biomechanics
Guardat en:
| Autors principals: | , , , , |
|---|---|
| Format: | Llibre |
| Idioma: | espanyol |
| Publicat: |
Champaign
Human Kinetics
2013
|
| Edició: | 2a. ed |
| Matèries: | |
| Etiquetes: |
Afegir etiqueta
Sense etiquetes, Sigues el primer a etiquetar aquest registre!
|
MARC
| LEADER | 00000cam a2200000 a 4500 | ||
|---|---|---|---|
| 001 | UCE5014 | ||
| 003 | CL-VaPUC | ||
| 008 | 141127e20130000us |||||||||||||||||spa|d | ||
| 082 | 0 | 4 | |a 612.76 |b ROB |2 21 |
| 100 | 0 | |a Robertson, D. Gordon E |e author |9 577512 | |
| 700 | 0 | |a Caldwell, Graham E |e author |9 577513 | |
| 700 | 0 | |a Hamill, Joseph |e author |9 577514 | |
| 700 | |a Kamen, Gary |e author |9 577515 | ||
| 700 | 0 | |a Whittlesey, Saunders N |e author |9 577516 | |
| 245 | 1 | 0 | |a Research methods in biomechanics |
| 250 | |a 2a. ed | ||
| 300 | |a 428 p | ||
| 942 | |c BK | ||
| 945 | |d 20141127 16:34:00 |a arojas | ||
| 260 | |a Champaign |b Human Kinetics |c 2013 | ||
| 650 | 0 | |a Biomecánica |9 307420 | |
| 650 | 0 | |a Proceso de datos |9 259776 | |
| 650 | 0 | |a Modelos matemáticos |9 259437 | |
| 650 | 0 | |a Investigación científica |9 259857 | |
| 583 | |a last modification |c 20141127 16:34:00 |k Rodrigo Vera | ||
| 999 | |c 357860 |d 357858 | ||
| 952 | |0 0 |1 0 |3 erd |4 0 |6 612_760000000000000_ROB_2013 |7 0 |8 A |9 465964 |a BIBCUR |b BIBCUR |i 5126517 |l 1 |o 612.76 ROB 2013 |p 5126517 |r 2024-08-26 |s 2024-08-19 |w 2019-11-23 |y BK |z Catalogado en:20141127 |k KIN | ||
| 952 | |0 0 |1 0 |3 erd |4 0 |6 612_760000000000000_ROB_2013 |7 0 |8 A |9 465965 |a BIBCUR |b BIBCUR |i 5126525 |o 612.76 ROB 2013 |p 5126525 |r 2025-04-22 |w 2019-11-23 |y BK |z Catalogado en:20141127 |k KIN | ||
| 952 | |0 0 |1 0 |3 erd |4 0 |6 612_760000000000000_ROB_2013 |7 0 |8 A |9 465966 |a BIBCUR |b BIBCUR |i 5126533 |o 612.76 ROB 2013 |p 5126533 |r 2025-04-22 |w 2019-11-23 |y BK |z Catalogado en:20141127 |k KIN | ||
| 952 | |0 0 |1 0 |3 erd |4 0 |6 612_760000000000000_ROB_2013 |7 0 |8 A |9 465967 |a BIBCUR |b BIBCUR |i 5126541 |o 612.76 ROB 2013 |p 5126541 |r 2025-04-22 |w 2019-11-23 |y BK |z Catalogado en:20141127 |k KIN | ||
| 952 | |0 0 |1 0 |3 erd |4 0 |6 612_760000000000000_ROB_2013 |7 0 |8 A |9 465968 |a BIBCUR |b BIBCUR |i 512655K |o 612.76 ROB 2013 |p 512655K |r 2025-04-22 |w 2019-11-23 |y BK |z Catalogado en:20141127 |k KIN | ||
| 952 | |0 0 |1 0 |3 erd |4 0 |6 612_760000000000000_ROB_2013 |7 0 |8 A |9 465969 |a BIBCUR |b BIBCUR |i 5126568 |o 612.76 ROB 2013 |p 5126568 |r 2025-04-22 |w 2019-11-23 |y BK |z Catalogado en:20141127 |k KIN | ||
| 952 | |0 0 |1 0 |3 erd |4 0 |6 612_760000000000000_ROB_2013 |7 0 |8 A |9 465970 |a BIBCUR |b BIBCUR |i 5126576 |l 1 |o 612.76 ROB 2013 |p 5126576 |r 2025-04-22 |s 2024-08-19 |w 2019-11-23 |y BK |z Catalogado en:20141127 |k KIN | ||
| 952 | |0 0 |1 0 |3 erd |4 0 |6 612_760000000000000_ROB_2013 |7 0 |8 A |9 465971 |a BIBCUR |b BIBCUR |i 5126584 |o 612.76 ROB 2013 |p 5126584 |r 2025-04-22 |w 2019-11-23 |y BK |z Catalogado en:20141127 |k KIN | ||
| 952 | |0 0 |1 0 |3 erd |4 0 |6 612_760000000000000_ROB_2013 |7 0 |8 A |9 465972 |a BIBCUR |b BIBCUR |i 5126592 |o 612.76 ROB 2013 |p 5126592 |r 2025-04-22 |w 2019-11-23 |y BK |z Catalogado en:20141127 |k KIN | ||
| 952 | |0 0 |1 0 |3 erd |4 0 |6 612_760000000000000_ROB_2013 |7 0 |8 A |9 465973 |a BIBCUR |b BIBCUR |i 5126606 |o 612.76 ROB 2013 |p 5126606 |r 2025-04-22 |w 2019-11-23 |y BK |z Catalogado en:20141127 |k KIN | ||
| 952 | |0 0 |1 0 |3 erd |4 0 |6 612_760000000000000_ROB_2013 |7 0 |8 A |9 465974 |a BIBCUR |b BIBCUR |i 5126614 |o 612.76 ROB 2013 |p 5126614 |r 2025-04-22 |w 2019-11-23 |y BK |z Catalogado en:20141127 |k KIN | ||